000 00304nam a22001337a 4500
008 230620b xxu||||| |||| 00| 0 eng d
020 _a996676710X
082 _a316.6762
_bKNB
100 _cKNB
245 _aStatistical Abstract 2007
260 _aKenya
_bKNBS
_c2007
300 _a313p
942 _2ddc
_cBK
999 _c1461
_d1461